Compositeur par Emojis - Statistiques

Statistiques générales
  • Ce quiz a été pris 76 fois
  • Le résultat moyen est 4 sur 10
Statistiques - réponses
Emojis Compositeur % Correct
🎻 🌞 ❄️ Antonio Vivaldi
94%
🔇 9️⃣ 🌒 Ludwig van Beethoven
86%
🩰 🦢 ❄️ Piotr Ilitch Tchaïkovski
63%
🌊 🌒 🎾 Claude Debussy
40%
🦢 🐘 🇪🇬 Camille Saint-Saëns
37%
🎹 😈 🇭🇺 Franz Liszt
32%
💈 🍽 🇮🇹 Gioachino Rossini
29%
🦢 🌲 🎻 Jean Sibelius
11%
🏈 🚂 🇨🇭 Arthur Honegger
10%
👃 🎹 🎺 Dmitri Chostakovitch
3%
Aucun quiz correspondant
Distribution des résultats
% des personnes avec chaque résultat
Percentile par nombre de réponses
Votre historique - résultats
Vous n’avez pas pris ce quiz